[Event "Barcelona Sant Marti op-B 18th"]
[Site "Barcelona"]
[Date "2016.07.17"]
[Round "5.59"]
[White "Martinez Navarro, Miquel"]
[Black "Minko, Aleksandr"]
[Result "1-0"]
[WhiteElo "1587"]
[BlackElo "1145"]
[PlyCount "51"]
[EventDate "2016.07.13"]
[EventType "swiss"]
[EventRounds "9"]
[EventCountry "ESP"]
[SourceTitle "EXT 2024"]
[Source "ChessBase"]
[SourceDate "2023.10.10"]
[SourceVersion "1"]
[SourceVersionDate "2023.10.10"]
[SourceQuality "1"]

1. e4 e5 2. Nf3 Nc6 3. Bc4 Bc5 4. d3 Nf6 5. a3 h6 6. b4 Bd4 7. c3 Bb6 8. a4 a5 9. b5 Ne7 10. Nxe5 0-0 11. 0-0 d5 12. exd5 Nexd5 13. Nf3 Bg4 14. h3 Bf5 15. Bd2 Re8 16. Na3 Ne7 17. Be3 Bxe3 18. fxe3 c6 19. Nc2 Nh5 20. Ne5 Rf8 21. Qxh5 Qb6 22. Rxf5 g6 23. Nxg6 Nxg6 24. Qxg6+ Kh8 25. Qxh6+ Kg8 26. Rg5# 1-0